| 000 | 00418nam a22001577a 4500 | ||
|---|---|---|---|
| 003 | OSt | ||
| 008 | 200709b ||||| |||| 00| 0 eng d | ||
| 020 | _a9789386700599 | ||
| 082 | _a574 GOR | ||
| 100 | _aGokhale,S.B,M.G.Kalaskar and Y.A Kulkarni | ||
| 245 | _aRemedial Biology: Pharmaceutical Biology | ||
| 260 |
_aNew Delhi _bNirali Prakashan _c2019 |
||
| 300 | _a198 | ||
| 650 | _aBiology and EVS | ||
| 942 |
_2ddc _cBK |
||
| 999 |
_c8738 _d8738 |
||